[Event "North Island Rapid"]
[Site "Auckland Chess Centre, New Ze"]
[Date "2012.07.15"]
[Round "1.1"]
[White "Yao, Winton Yow-Jen"]
[Black "Hague, Ben"]
[Result "0-1"]
[WhiteElo "1666"]
[BlackElo "2376"]
[PlyCount "72"]
[EventDate "2012.??.??"]

1. e4 e6 2. d4 d5 3. Nd2 Nc6 4. Ngf3 Nf6 5. e5 Nd7 6. c3 f6 7. exf6 Qxf6 8. Bd3
Bd6 9. Nb3 O-O 10. Bg5 Qf7 11. Qc2 Qh5 12. Be3 e5 13. Be2 Qe8 14. O-O-O e4 15.
Nfd2 Nf6 16. h3 a5 17. a4 Ne7 18. Na1 Bd7 19. b3 b5 20. axb5 Bxb5 21. Nb1 Nf5
22. g4 Nxe3 23. fxe3 a4 24. b4 a3 25. Bxb5 Qxb5 26. Qa2 Qc6 27. Kd2 Nxg4 28.
Rdf1 Nh2 29. Rxf8+ Rxf8 30. Ke2 Qb5+ 31. Kd1 Qd3+ 32. Kc1 Qxe3+ 33. Qd2 Qxd2+
34. Nxd2 Rf2 35. Nab3 Bf4 36. Kd1 a2 0-1

[Event "North Island Rapid"]
[Site "Auckland Chess Centre, New Ze"]
[Date "2012.07.15"]
[Round "1.2"]
[White "Garbett, Paul A"]
[Black "Ang, Ang"]
[Result "1-0"]
[WhiteElo "2306"]
[BlackElo "1635"]
[PlyCount "151"]
[EventDate "2012.??.??"]

1. e4 Nc6 2. Nf3 d5 3. exd5 Qxd5 4. Nc3 Qd6 5. d4 Bg4 6. d5 Ne5 7. Be2 Nxf3+ 8.
Bxf3 Bxf3 9. Qxf3 Nf6 10. O-O O-O-O 11. Bf4 e5 12. Bg5 h6 13. Bxf6 Qxf6 14. Qe3
Kb8 15. Rfe1 Bd6 16. Nb5 a6 17. Qa7+ Kc8 18. Nxd6+ Qxd6 19. c4 f6 20. Rad1 Qb6
21. Qxb6 cxb6 22. b4 Rd7 23. c5 bxc5 24. bxc5 Rhd8 25. d6 b6 26. Rc1 bxc5 27.
Rxc5+ Kb7 28. Rb1+ Ka7 29. g3 Rb8 30. Rd1 Kb6 31. Rc3 Rbd8 32. Rb1+ Ka7 33. Rc6
Rxd6 34. Rc7+ Ka8 35. Rbb7 g5 36. Kg2 f5 37. Ra7+ Kb8 38. Rcb7+ Kc8 39. Rf7
R8d7 40. Rfxd7 Rxd7 41. Rxa6 Rd2 42. Ra5 Re2 43. Kf1 Rd2 44. Rxe5 Rxa2 45. Rxf5
Ra6 46. Rd5 Rf6 47. Ke2 Kc7 48. f3 Rd6 49. Rxd6 Kxd6 50. Ke3 Ke5 51. f4+ gxf4+
52. gxf4+ Kf5 53. Kf3 h5 54. h3 h4 55. Ke3 Kf6 56. Ke4 Ke6 57. f5+ Kf6 58. Kf4
Kf7 59. Kg5 Kg7 60. Kxh4 Kf6 61. Kg4 Kf7 62. Kg5 Kg7 63. f6+ Kf7 64. Kf5 Kf8
65. Kg6 Kg8 66. f7+ Kf8 67. h4 Ke7 68. Kg7 Ke6 69. f8=Q Ke5 70. h5 Ke6 71. h6
Kd5 72. h7 Ke4 73. h8=Q Kd5 74. Qf5+ Kd6 75. Qd8+ Kc6 76. Qfd5# 1-0

[Event "North Island Rapid"]
[Site "Auckland Chess Centre, New Ze"]
[Date "2012.07.15"]
[Round "1.3"]
[White "Mukkattu, Philip"]
[Black "Smith, Robert W"]
[Result "1-0"]
[WhiteElo "1619"]
[BlackElo "2258"]
[PlyCount "73"]
[EventDate "2012.??.??"]

1. d4 Nf6 2. c4 c5 3. e3 g6 4. Nf3 Bg7 5. Nc3 cxd4 6. exd4 d5 7. Bf4 O-O 8. h3
Nc6 9. Bd3 dxc4 10. Bxc4 Bf5 11. O-O Rc8 12. Bd3 Bxd3 13. Qxd3 Nd5 14. Nxd5
Qxd5 15. Rfd1 Rfd8 16. Rd2 Rd7 17. Qa3 e6 18. Rad1 Bf8 19. Qa4 f6 20. a3 a6 21.
Nh2 Kf7 22. Nf1 Ne7 23. Ne3 Qc6 24. Qxc6 bxc6 25. Nc4 Nd5 26. Be3 Rb7 27. Na5
Rb5 28. b4 Nxb4 29. axb4 Bxb4 30. Nc4 Bxd2 31. Nd6+ Kg7 32. Nxc8 Bxe3 33. fxe3
c5 34. Nd6 Rb3 35. dxc5 Rxe3 36. Rc1 Rd3 37. c6 1-0

[Event "North Island Rapid"]
[Site "Auckland Chess Centre, New Ze"]
[Date "2012.07.15"]
[Round "1.4"]
[White "Shen, Daniel"]
[Black "Timergazi, Layla"]
[Result "1-0"]
[WhiteElo "2254"]
[BlackElo "1613"]
[PlyCount "51"]
[EventDate "2012.??.??"]

1. e4 c6 2. d4 d5 3. exd5 cxd5 4. Bd3 Nc6 5. c3 Nf6 6. Bf4 Qb6 7. Qb3 Qxb3 8.
axb3 g6 9. Nf3 Bg7 10. Nbd2 O-O 11. h3 Re8 12. O-O Nd7 13. Rfe1 e5 14. dxe5
Ndxe5 15. Nxe5 Nxe5 16. Bb5 Bd7 17. Bxd7 Nxd7 18. Rxe8+ Rxe8 19. Rxa7 Nc5 20.
Be3 b6 21. Rc7 Nd3 22. g4 h6 23. Kg2 Nxb2 24. Bxb6 Re2 25. Be3 Nd1 26. Kf1 1-0

[Event "North Island Rapid"]
[Site "Auckland Chess Centre, New Ze"]
[Date "2012.07.15"]
[Round "1.5"]
[White "Chen, Geogre"]
[Black "Hart, Ralph"]
[Result "0-1"]
[WhiteElo "1599"]
[BlackElo "2251"]
[PlyCount "72"]
[EventDate "2012.??.??"]

1. e4 c5 2. Nf3 Nc6 3. d4 cxd4 4. Nxd4 Nf6 5. Nc3 e5 6. Nf3 Bb4 7. Bd3 h6 8.
O-O d5 9. exd5 Nxd5 10. Nxd5 Qxd5 11. c3 Bd6 12. Bc2 Qxd1 13. Rxd1 Bc7 14. Be3
O-O 15. h3 Be6 16. Bb3 Bxb3 17. axb3 Rfd8 18. b4 a6 19. Rac1 f6 20. Nd2 Kf7 21.
Ne4 b6 22. Nd2 Ke6 23. Nc4 b5 24. Nd2 a5 25. bxa5 Nxa5 26. b4 Nc4 27. Nxc4 bxc4
28. Kf1 f5 29. g3 g5 30. h4 f4 31. gxf4 gxf4 32. Bc5 e4 33. Rd4 Kf5 34. Re1 Be5
35. Rxc4 Rd3 36. Bd4 Bd6 0-1

[Event "North Island Rapid"]
[Site "Auckland Chess Centre, New Ze"]
[Date "2012.07.15"]
[Round "2.1"]
[White "Hague, Ben"]
[Black "Lim, Benji"]
[Result "1-0"]
[WhiteElo "2376"]
[BlackElo "1919"]
[PlyCount "63"]
[EventDate "2012.??.??"]

1. Nf3 Nf6 2. d4 g6 3. Bg5 Bg7 4. Nbd2 d5 5. e3 Ne4 6. Nxe4 dxe4 7. Nd2 Qd5 8.
Bf4 e5 9. Bc4 Qa5 10. dxe5 Bxe5 11. O-O Bxb2 12. Rb1 Bg7 13. Nxe4 O-O 14. Ng5
Nd7 15. Nxf7 Rxf7 16. Rb5 Qc3 17. Qd5 Qf6 18. Bxc7 Nb6 19. Bxb6 axb6 20. Rxb6
Qe7 21. h3 Kf8 22. Rfb1 Be5 23. f4 Bc7 24. Qd4 Rg7 25. Rf6+ Ke8 26. Rxb7 Qd8
27. Bb5+ Bd7 28. Rxc7 Rxa2 29. Rxd7 Rxd7 30. Bxd7+ Qxd7 31. Rf8+ Ke7 32. Rf7+
1-0

[Event "North Island Rapid"]
[Site "Auckland Chess Centre, New Ze"]
[Date "2012.07.15"]
[Round "2.2"]
[White "Milligan, Helen"]
[Black "Garbett, Paul A"]
[Result "1/2-1/2"]
[WhiteElo "1962"]
[BlackElo "2306"]
[PlyCount "128"]
[EventDate "2012.??.??"]

1. e4 c5 2. Nf3 e6 3. d4 cxd4 4. Nxd4 Nc6 5. Nc3 Qc7 6. Be3 a6 7. Bd3 Nf6 8.
O-O Be7 9. Kh1 d6 10. f4 O-O 11. Qf3 e5 12. Nf5 Bxf5 13. exf5 Rfe8 14. Nd5 Nxd5
15. Qxd5 Nb4 16. Qb3 Nxd3 17. Qxd3 Rac8 18. Rac1 Bf6 19. c4 exf4 20. Bd4 Be5
21. b3 f6 22. Bg1 Qc6 23. h3 Rcd8 24. Bh2 Rd7 25. Bxf4 Rde7 26. Rce1 Kh8 27.
Bd2 b5 28. Qd5 Rc8 29. Qxc6 Rxc6 30. cxb5 axb5 31. Rc1 Rc5 32. Bb4 Rxc1 33.
Rxc1 Kg8 34. Rc6 Bg3 35. Kg1 Re4 36. a3 Rd4 37. Kf1 Rf4+ 38. Kg1 Rd4 39. Kf1
Rf4+ 40. Kg1 Rxf5 41. Bxd6 Bf2+ 42. Kh2 h5 43. Bg3 Bc5 44. a4 bxa4 45. bxa4 Bb4
46. Bd6 Bd2 47. Rc5 Rf1 48. Rxh5 g5 49. h4 Ra1 50. hxg5 Bxg5 51. Be7 Bf4+ 52.
g3 Be5 53. Rf5 Kf7 54. Bd8 Rxa4 55. Rf3 Kg6 56. Bb6 Kg5 57. Kh3 Ra1 58. Be3+
Kg6 59. Kg4 Rh1 60. Rf2 Re1 61. Bf4 f5+ 62. Kf3 Bf6 63. Rh2 Bg7 64. Re2 Rxe2
1/2-1/2

[Event "North Island Rapid"]
[Site "Auckland Chess Centre, New Ze"]
[Date "2012.07.15"]
[Round "2.3"]
[White "Zhang, William Jiewen "]
[Black "Shen, Daniel"]
[Result "1/2-1/2"]
[WhiteElo "1905"]
[BlackElo "2254"]
[PlyCount "72"]
[EventDate "2012.??.??"]

1. d4 d5 2. c4 c6 3. Nc3 Nf6 4. e3 e6 5. Nf3 Nbd7 6. b3 b6 7. Bd3 Bb7 8. O-O
Be7 9. Bb2 O-O 10. Qc2 c5 11. Rad1 Rc8 12. Ne5 h6 13. Nxd7 Qxd7 14. Qb1 cxd4
15. exd4 Qc6 16. f3 Rfd8 17. Rfe1 Qc7 18. cxd5 Nxd5 19. Nxd5 Bxd5 20. Rc1 Qf4
21. Rxc8 Rxc8 22. Be4 Qd2 23. Rd1 Qe3+ 24. Kh1 Bd6 25. Rc1 Rxc1+ 26. Qxc1 Qxc1+
27. Bxc1 f5 28. Bxd5 exd5 29. g3 Kf7 30. Kg2 Ke6 31. Kf2 Be7 32. Bb2 Kd7 33.
Ke3 Bg5+ 34. Kd3 Kc6 35. Bc3 g6 36. Bb2 b5 1/2-1/2

[Event "North Island Rapid"]
[Site "Auckland Chess Centre, New Ze"]
[Date "2012.07.15"]
[Round "2.4"]
[White "Hart, Ralph"]
[Black "Runcan, Daniel"]
[Result "1-0"]
[WhiteElo "2251"]
[BlackElo "1896"]
[PlyCount "99"]
[EventDate "2012.??.??"]

1. e4 c5 2. Nc3 e6 3. Nf3 a6 4. d4 cxd4 5. Nxd4 d6 6. Bc4 Nf6 7. Bg5 Be7 8. Qe2
Qc7 9. Bb3 Nc6 10. O-O-O O-O 11. h4 h6 12. f4 Nxd4 13. Rxd4 b5 14. e5 Ne8 15.
Bxe7 Qxe7 16. g4 Bb7 17. Rh3 dxe5 18. fxe5 Rd8 19. Rxd8 Qxd8 20. g5 hxg5 21.
Rd3 Qe7 22. Qd2 Bc6 23. hxg5 Nc7 24. Rd6 Bf3 25. Qf4 Bd5 26. Bxd5 Nxd5 27. Nxd5
exd5 28. Rxd5 Rd8 29. Rxd8+ Qxd8 30. b3 Qe7 31. Kb2 Qe6 32. Kc3 Kf8 33. Qd4 g6
34. Qd8+ Qe8 35. Qxe8+ Kxe8 36. Kd4 Kd7 37. c4 bxc4 38. bxc4 Kc6 39. a4 Kd7 40.
Kd5 Kc7 41. e6 fxe6+ 42. Kxe6 Kc6 43. Kf6 Kc5 44. Kxg6 Kxc4 45. Kf5 Kb4 46. g6
Kxa4 47. g7 a5 48. g8=Q Kb4 49. Qa2 a4 50. Ke4 1-0

[Event "North Island Rapid"]
[Site "Auckland Chess Centre, New Ze"]
[Date "2012.07.15"]
[Round "2.5"]
[White "Steadman, Michael V R"]
[Black "Gao, Judy"]
[Result "1-0"]
[WhiteElo "2206"]
[BlackElo "1756"]
[PlyCount "79"]
[EventDate "2012.??.??"]

1. d4 f5 2. g3 g6 3. Bg2 Bg7 4. Nf3 Nf6 5. c4 d6 6. O-O O-O 7. Nc3 c6 8. b4 Qe8
9. a4 e5 10. dxe5 dxe5 11. Ba3 Nbd7 12. a5 b6 13. Qd6 Bb7 14. Ng5 Rc8 15. Ne6
Rf7 16. Nxg7 Kxg7 17. Bb2 Qe7 18. Rfd1 Kf8 19. axb6 Nxb6 20. Qd3 a6 21. e4 f4
22. c5 Na8 23. Ne2 g5 24. Qc3 Re8 25. Rd6 Nc7 26. Qd2 Nb5 27. Rd3 Rg7 28. Nc1
h5 29. h4 gxh4 30. gxf4 Nxe4 31. Qe2 h3 32. Rxh3 exf4 33. Qxh5 Nec3 34. Nd3 Bc8
35. Rh4 Ne2+ 36. Kh1 Rxg2 37. Kxg2 Qe4+ 38. Qf3 Nbd4 39. Qxe4 Rxe4 40. Rh8+ 1-0

[Event "North Island Rapid"]
[Site "Auckland Chess Centre, New Ze"]
[Date "2012.07.15"]
[Round "3.1"]
[White "Pinic, Noel"]
[Black "Hague, Ben"]
[Result "1-0"]
[WhiteElo "2148"]
[BlackElo "2376"]
[PlyCount "83"]
[EventDate "2012.??.??"]

1. d4 e6 2. e4 d5 3. e5 c5 4. c3 Nc6 5. Nf3 Qb6 6. a3 f6 7. Bd3 fxe5 8. dxe5
Nh6 9. b4 Qc7 10. O-O Nxe5 11. Nxe5 Qxe5 12. Re1 Qf6 13. Qh5+ Nf7 14. Qxd5 Bd6
15. Bb5+ Kf8 16. bxc5 Be7 17. Qd4 e5 18. Qe3 Bf5 19. Nd2 Rc8 20. c6 bxc6 21.
Ba6 Rd8 22. Qxa7 g6 23. Nc4 Kg7 24. Qe3 Ra8 25. Bb7 Rab8 26. Qa7 Qe6 27. Na5
Qd7 28. Be3 c5 29. Qa6 Qc7 30. Bd5 Rhd8 31. Bxf7 Kxf7 32. Nc6 Rd6 33. Nxe5+ Kg7
34. Qa4 Bf6 35. Bf4 Re6 36. Nxg6 Qb7 37. Bxb8 hxg6 38. Qa7 Qxa7 39. Bxa7 Ra6
40. Bxc5 Bxc3 41. Re7+ Kf6 42. Rc1 1-0

[Event "North Island Rapid"]
[Site "Auckland Chess Centre, New Ze"]
[Date "2012.07.15"]
[Round "3.2"]
[White "Stuart, Peter W"]
[Black "Hart, Ralph"]
[Result "0-1"]
[WhiteElo "2077"]
[BlackElo "2251"]
[PlyCount "69"]
[EventDate "2012.??.??"]

1. c4 b6 2. Nc3 Bb7 3. e4 e6 4. d3 g6 5. g3 Bg7 6. Bg2 Ne7 7. Nge2 O-O 8. O-O
c5 9. d4 cxd4 10. Nxd4 a6 11. b3 f5 12. exf5 Bxg2 13. Kxg2 gxf5 14. Nde2 b5 15.
cxb5 axb5 16. Bb2 b4 17. Na4 Bxb2 18. Nxb2 Nbc6 19. Nd4 Ra5 20. Nxc6 Nxc6 21.
Qe2 Qa8 22. Qf3 Rxa2 23. Na4 Rxa1 24. Rxa1 Nd4 25. Qxa8 Rxa8 26. Rd1 Nxb3 27.
Nb6 Ra5 28. Rxd7 Nc5 29. Rd8+ Kg7 30. Nd7 Nb7 31. Rb8 Rb5 32. Nc5 b3 33. Nxe6+
Kf6 34. Nd4 b2 35. Nxb5 0-1

[Event "North Island Rapid"]
[Site "Auckland Chess Centre, New Ze"]
[Date "2012.07.15"]
[Round "3.3"]
[White "Goodhue, Nathan "]
[Black "Steadman, Michael V R"]
[Result "0-1"]
[WhiteElo "1984"]
[BlackElo "2206"]
[PlyCount "104"]
[EventDate "2012.??.??"]

1. b3 b6 2. Bb2 Bb7 3. d3 f5 4. e3 e6 5. f4 Nf6 6. Nf3 Be7 7. Be2 c5 8. O-O O-O
9. c4 a6 10. Nc3 Qc7 11. Qd2 h6 12. Ne5 Kh7 13. Bf3 d5 14. d4 dxc4 15. Bxb7
Qxb7 16. bxc4 cxd4 17. exd4 b5 18. c5 Nc6 19. Rad1 b4 20. Ne2 Ne4 21. Qc2 Nxe5
22. fxe5 g5 23. d5 Bxc5+ 24. Kh1 Nf2+ 25. Rxf2 Bxf2 26. dxe6 Kg6 27. e7 Qxe7
28. Qc6+ Kh5 29. Qf3+ Kg6 30. Rd6+ Kh7 31. Qxf2 Rad8 32. Qd4 a5 33. Ng3 Rxd6
34. Qxd6 Qxd6 35. exd6 Kg6 36. Kg1 Rd8 37. Be5 f4 38. Ne4 Kf5 39. Bf6 Rd7 40.
Nc5 Rxd6 41. Be7 Rd2 42. Nb3 Rxa2 43. Nxa5 Rxa5 44. Bxb4 Ra1+ 45. Kf2 g4 46.
Bd6 Ra2+ 47. Kf1 h5 48. Bc7 h4 49. Bb8 h3 50. gxh3 gxh3 51. Kg1 Kg4 52. Ba7
Rxa7 0-1

[Event "North Island Rapid"]
[Site "Auckland Chess Centre, New Ze"]
[Date "2012.07.15"]
[Round "3.4"]
[White "Gao, Hans"]
[Black "Li, Luke (Zuhao)"]
[Result "1/2-1/2"]
[WhiteElo "2172"]
[BlackElo "2103"]
[PlyCount "43"]
[EventDate "2012.??.??"]

1. e4 e5 2. Bc4 Nf6 3. d3 c6 4. Nf3 d5 5. Bb3 Bg4 6. h3 Bxf3 7. Qxf3 Be7 8.
exd5 cxd5 9. Nc3 d4 10. Qxb7 dxc3 11. Qxa8 O-O 12. O-O e4 13. bxc3 Qd7 14. Rb1
Na6 15. Qb7 Qxb7 16. Bxf7+ Rxf7 17. Rxb7 Bd6 18. Rxf7 Kxf7 19. Bg5 Nc5 20. d4
Na4 21. c4 Nc3 22. Bxf6 1/2-1/2

[Event "North Island Rapid"]
[Site "Auckland Chess Centre, New Ze"]
[Date "2012.07.15"]
[Round "3.5"]
[White "Shen, Daniel"]
[Black "Krstev, Antonio "]
[Result "1-0"]
[WhiteElo "2254"]
[BlackElo "2069"]
[PlyCount "57"]
[EventDate "2012.??.??"]

1. e4 e6 2. d4 d5 3. Nc3 Nf6 4. e5 Nfd7 5. Nf3 c5 6. dxc5 Nc6 7. Bf4 Bxc5 8.
Bd3 a6 9. O-O b5 10. a4 b4 11. Nb1 a5 12. c4 Nb6 13. Nbd2 Ba6 14. Rc1 Qe7 15.
Qc2 Rc8 16. cxd5 Bxd3 17. Qxd3 Nxd5 18. Bg5 f6 19. Qb5 fxg5 20. Rxc5 Qd7 21.
Rfc1 Nde7 22. Nc4 O-O 23. Nb6 Qc7 24. Nxc8 Rxc8 25. Nd4 Nxd4 26. Rxc7 Nxb5 27.
Rxc8+ Nxc8 28. Rxc8+ Kf7 29. axb5 1-0

[Event "North Island Rapid"]
[Site "Auckland Chess Centre, New Ze"]
[Date "2012.07.15"]
[Round "4.1"]
[White "Hart, Ralph"]
[Black "Pinic, Noel"]
[Result "0-1"]
[WhiteElo "2251"]
[BlackElo "2148"]
[PlyCount "40"]
[EventDate "2012.??.??"]

1. d4 d5 2. c4 c6 3. Nc3 Nf6 4. Nf3 e6 5. Bg5 Be7 6. e3 Nbd7 7. Qc2 a6 8. Bd3
O-O 9. O-O h6 10. Bh4 dxc4 11. Bxc4 b5 12. Bd3 c5 13. Ne4 cxd4 14. Nxd4 Bb7 15.
Nc6 Bxc6 16. Qxc6 Ne5 17. Qb7 Qxd3 18. Qxe7 Nxe4 19. Rad1 Qc2 20. Rd4 Nc6 0-1

[Event "North Island Rapid"]
[Site "Auckland Chess Centre, New Ze"]
[Date "2012.07.15"]
[Round "4.2"]
[White "Steadman, Michael V R"]
[Black "Gao, Hans"]
[Result "0-1"]
[WhiteElo "2206"]
[BlackElo "2172"]
[PlyCount "58"]
[EventDate "2012.??.??"]

1. e4 c5 2. Nf3 d6 3. c3 Nf6 4. Bd3 Nc6 5. O-O g6 6. Re1 Bg7 7. h3 O-O 8. Bc2
e5 9. d3 Kh8 10. a3 a5 11. Nbd2 Ne8 12. Ba4 Nc7 13. Bxc6 bxc6 14. Nc4 Ne6 15.
a4 Ra7 16. Be3 f5 17. exf5 gxf5 18. b4 f4 19. Bd2 axb4 20. cxb4 cxb4 21. Bxb4
c5 22. Bc3 Ng5 23. Ncd2 Bf6 24. Ne4 Rg7 25. Nfxg5 Bxg5 26. Kh2 f3 27. Rg1 Bf4+
28. Ng3 Qh4 29. Qxf3 Bb7 0-1

[Event "North Island Rapid"]
[Site "Auckland Chess Centre, New Ze"]
[Date "2012.07.15"]
[Round "4.3"]
[White "Milligan, Helen"]
[Black "Shen, Daniel"]
[Result "1/2-1/2"]
[WhiteElo "1962"]
[BlackElo "2254"]
[PlyCount "76"]
[EventDate "2012.??.??"]

1. e4 e5 2. Nf3 Nc6 3. Bb5 a6 4. Ba4 Nf6 5. O-O Be7 6. Re1 b5 7. Bb3 d6 8. c3
O-O 9. d4 Bb7 10. d5 Nb8 11. Nbd2 Nbd7 12. Nf1 c6 13. dxc6 Bxc6 14. Ng3 Re8 15.
Ng5 Rf8 16. Nf3 h6 17. Bc2 Re8 18. Nf5 Nc5 19. Ng3 Bf8 20. b4 Ncd7 21. a4 a5
22. axb5 Bxb5 23. Nf5 axb4 24. Rxa8 Qxa8 25. cxb4 d5 26. exd5 Bxb4 27. Bd2 Bxd2
28. Qxd2 Qxd5 29. Qb4 Bc6 30. Ne7+ Rxe7 31. Qxe7 e4 32. Rd1 Qh5 33. Qd8+ Kh7
34. Nd4 Bd5 35. Nb5 Qe2 36. Nd4 Qh5 37. Nb5 Qe2 38. Nd4 Qh5 1/2-1/2

[Event "North Island Rapid"]
[Site "Auckland Chess Centre, New Ze"]
[Date "2012.07.15"]
[Round "4.4"]
[White "Li, Luke (Zuhao)"]
[Black "Garbett, Paul A"]
[Result "1/2-1/2"]
[WhiteElo "2103"]
[BlackElo "2306"]
[PlyCount "96"]
[EventDate "2012.??.??"]

1. d4 e6 2. c4 Bb4+ 3. Bd2 Bxd2+ 4. Qxd2 Nf6 5. Nc3 O-O 6. e4 d5 7. e5 Ne4 8.
Qc2 c5 9. dxc5 Qa5 10. Bd3 Nxc3 11. bxc3 h6 12. Nf3 dxc4 13. Bxc4 Qxc5 14. Qe4
Bd7 15. Bd3 Qxc3+ 16. Ke2 Qb2+ 17. Ke3 Qb6+ 18. Nd4 f5 19. exf6 Rxf6 20. Rab1
Qd6 21. Rxb7 Kf7 22. Rc1 Qd5 23. Rcc7 Ke7 24. Nc6+ Nxc6 25. Qxd5 exd5 26. Rxd7+
Ke6 27. Rxg7 Re8 28. f3 Kd6+ 29. Kf2 a5 30. Bb5 Kc5 31. Rgc7 Ree6 32. Bf1 Kd4
33. a3 Ne5 34. Rb5 Ng4+ 35. Kg3 Ne3 36. Kf2 Nd1+ 37. Kg1 Re1 38. Rc1 Rfe6 39.
Rbb1 Rxf1+ 40. Kxf1 Nc3 41. Rb3 Rc6 42. h4 Kd3 43. Rbxc3+ Rxc3 44. Rxc3+ Kxc3
45. Ke2 Kc2 46. Ke3 Kc3 47. Ke2 Kc2 48. Ke3 Kc3 1/2-1/2

[Event "North Island Rapid"]
[Site "Auckland Chess Centre, New Ze"]
[Date "2012.07.15"]
[Round "4.5"]
[White "Hague, Ben"]
[Black "Runcan, Daniel"]
[Result "1-0"]
[WhiteElo "2376"]
[BlackElo "1896"]
[PlyCount "59"]
[EventDate "2012.??.??"]

1. Nf3 d5 2. c4 c6 3. d4 Nf6 4. Nc3 e6 5. Bg5 Be7 6. e3 Nbd7 7. Bd3 h6 8. Bh4
dxc4 9. Bxc4 b5 10. Bd3 Bb7 11. O-O O-O 12. Qe2 a6 13. Rfd1 Qe8 14. e4 c5 15.
e5 Nd5 16. Qe4 g6 17. Bxe7 Qxe7 18. Qe1 cxd4 19. Ne4 Nf4 20. Bb1 d3 21. Qe3 Nd5
22. Qxh6 Nxe5 23. Nxe5 Nf6 24. Ng5 Rad8 25. Bxd3 Rd5 26. Ngxf7 Rxf7 27. Nxg6
Rg7 28. Nxe7+ Kf8 29. Nxd5 Nxd5 30. Be4 1-0

[Event "North Island Rapid"]
[Site "Auckland Chess Centre, New Ze"]
[Date "2012.07.15"]
[Round "5.1"]
[White "Pinic, Noel"]
[Black "Gao, Hans"]
[Result "1/2-1/2"]
[WhiteElo "2148"]
[BlackElo "2172"]
[PlyCount "110"]
[EventDate "2012.??.??"]

1. d4 Nf6 2. Nc3 d5 3. Bf4 g6 4. Be5 Bg7 5. e4 dxe4 6. Nxe4 Nbd7 7. Nxf6+ Nxf6
8. Nf3 O-O 9. Bc4 c6 10. O-O a5 11. Re1 b5 12. Bd3 Be6 13. a4 b4 14. Qe2 Qd5
15. Ng5 Bg4 16. f3 Be6 17. Rad1 h6 18. Nxe6 Qxe6 19. Bc4 Qd7 20. Kh1 e6 21. Qf2
Nd5 22. Qg3 Bxe5 23. Qxe5 Nb6 24. Bb3 Rfd8 25. Qf6 Nd5 26. Qh4 Kg7 27. Rd3 Qe7
28. Qe4 Qc7 29. Qh4 Nf4 30. Rdd1 Nd5 31. Rd3 Qf4 32. Qf2 Qf6 33. g3 Rd7 34. Kg2
Rad8 35. f4 Ne7 36. Re5 Nd5 37. Qf3 Qe7 38. h3 Rd6 39. h4 h5 40. f5 gxf5 41.
Qxh5 Rh8 42. Qf3 Qf6 43. Bxd5 Rxd5 44. Rxd5 cxd5 45. Qf4 Rc8 46. Qf2 Qg6 47.
Kh2 Qg4 48. Rd2 Rc4 49. Qe3 Kg6 50. Kg2 Qe4+ 51. Qxe4 dxe4 52. Kf2 Kh5 53. Kg2
Kg6 54. Kh3 Kh5 55. d5 Kg6 1/2-1/2

[Event "North Island Rapid"]
[Site "Auckland Chess Centre, New Ze"]
[Date "2012.07.15"]
[Round "5.2"]
[White "Steadman, Michael V R"]
[Black "Hague, Ben"]
[Result "1-0"]
[WhiteElo "2206"]
[BlackElo "2376"]
[PlyCount "67"]
[EventDate "2012.??.??"]

1. d4 Nf6 2. c4 e6 3. Nc3 Bb4 4. f3 c5 5. d5 b5 6. e4 O-O 7. Bd2 Bb7 8. Nxb5
exd5 9. cxd5 Nxe4 10. Bxb4 Qh4+ 11. g3 Nxg3 12. hxg3 Qxg3+ 13. Kd2 cxb4 14. Qc2
h6 15. Qe4 Na6 16. Ne2 Qg5+ 17. f4 Qxd5+ 18. Qxd5 Bxd5 19. Rh5 Bf3 20. Re5 d6
21. Re3 Bd5 22. Ng3 Rfe8 23. Rd3 Bc6 24. Nxd6 Red8 25. Ndf5 Bb5 26. Rxd8+ Rxd8+
27. Ke3 Bxf1 28. Rxf1 Nc5 29. Rc1 Re8+ 30. Kf3 Nd3 31. Rg1 Nxb2 32. Nh5 Kf8 33.
Rxg7 Rd8 34. Nf6 1-0

[Event "North Island Rapid"]
[Site "Auckland Chess Centre, New Ze"]
[Date "2012.07.15"]
[Round "5.3"]
[White "Milligan, Helen"]
[Black "Smith, Robert W"]
[Result "0-1"]
[WhiteElo "1962"]
[BlackElo "2258"]
[PlyCount "122"]
[EventDate "2012.??.??"]

1. e4 c5 2. Nf3 g6 3. c4 Nc6 4. d4 cxd4 5. Nxd4 Nf6 6. Nc3 d6 7. Be2 Nxd4 8.
Qxd4 Bg7 9. O-O O-O 10. Qd3 Be6 11. b3 a6 12. Be3 Qa5 13. Rac1 Rfc8 14. f4 b5
15. cxb5 axb5 16. Bf3 Rab8 17. Bd2 b4 18. Na4 Bd7 19. Nb2 Qxa2 20. Nc4 Be6 21.
Be3 Nd7 22. Rf2 Qa6 23. Rfc2 Nc5 24. Bxc5 Rxc5 25. Be2 Rbc8 26. Qf3 Qa7 27. Kh1
R5c7 28. h3 Bc3 29. Bd3 Qd4 30. Kh2 Ra7 31. Rd1 d5 32. exd5 Bxd5 33. Qf2 Qxf2
34. Rxf2 Be6 35. Bf1 Raa8 36. Rc2 Rd8 37. Rxd8+ Rxd8 38. Be2 Ra8 39. Rc1 Ra2
40. Bf1 Bd5 41. Rd1 e6 42. Kg3 h5 43. h4 Kg7 44. Kh3 Kf6 45. Rb1 Be4 46. Rd1
Ke7 47. Kg3 Bc2 48. Rd6 Bxb3 49. Rc6 Ra7 50. Ne5 Bd5 51. Rb6 Rb7 52. Rxb7+ Bxb7
53. Bc4 Bxe5 54. fxe5 Bd5 55. Bd3 Kd7 56. Kf2 Kc6 57. g3 Kc5 58. Ke3 b3 59. Kf4
Kd4 60. Bb1 Bc4 61. g4 hxg4 0-1

[Event "North Island Rapid"]
[Site "Auckland Chess Centre, New Ze"]
[Date "2012.07.15"]
[Round "5.4"]
[White "Shen, Daniel"]
[Black "Li, Luke (Zuhao)"]
[Result "1/2-1/2"]
[WhiteElo "2254"]
[BlackElo "2103"]
[PlyCount "162"]
[EventDate "2012.??.??"]

1. e4 e5 2. Nf3 Nc6 3. Bc4 Nf6 4. d3 Be7 5. c3 O-O 6. Nbd2 d6 7. Bb3 Na5 8. Bc2
c5 9. O-O Nc6 10. Re1 Qc7 11. Nf1 d5 12. Ng3 d4 13. h3 Ne8 14. Bb3 Nd6 15. Bd5
Bf6 16. Nh2 Ne7 17. Bb3 Ng6 18. Nh5 Bh4 19. Rf1 Qd8 20. cxd4 cxd4 21. Ng4 Bg5
22. f4 exf4 23. Nxf4 Bxf4 24. Bxf4 Nxf4 25. Rxf4 Qg5 26. Qf3 h5 27. Nf2 Be6 28.
h4 Qe5 29. Bd1 Rac8 30. Nh3 Bg4 31. Qf2 Bxh3 32. gxh3 Rc5 33. Bb3 b5 34. Rf1
Rc7 35. Rf3 a5 36. Rg3 a4 37. Rg5 Qe7 38. Bd1 g6 39. Bxh5 Kg7 40. Qxd4+ Kh7 41.
Bd1 f6 42. Rd5 Ne8 43. b3 a3 44. h5 g5 45. Bg4 Ng7 46. Qe3 Rc2 47. Rd7 Qe5 48.
Rf2 Rc1+ 49. Kg2 Qa1 50. Qa7 Rg1+ 51. Kf3 Qd1+ 52. Re2 Qf1+ 53. Qf2 Qc1 54. Rc2
Qd1+ 55. Ke3 Re1+ 56. Re2 Qc1+ 57. Kf3 Rf1 58. Kg2 Rxf2+ 59. Rxf2 Kh6 60. e5
Qc6+ 61. Kh2 Ne6 62. Rd6 Qc5 63. d4 Qc3 64. Rxe6 Qxd4 65. Kg1 Kg7 66. exf6+ Kg8
67. Rc6 Qa1+ 68. Kg2 Qd4 69. Be6+ Kh8 70. Bg4 Qe5 71. f7 Qe4+ 72. Bf3 Qe7 73.
Rh6+ Kg7 74. Rg6+ Kh7 75. Re2 Qxf7 76. Be4 Kh8 77. Rh6+ Kg8 78. Rg6+ Kh8 79.
Rh6+ Kg8 80. Rg6+ Kh8 81. Rh6+ Kg8 1/2-1/2

[Event "North Island Rapid"]
[Site "Auckland Chess Centre, New Ze"]
[Date "2012.07.15"]
[Round "5.5"]
[White "Lim, Benji"]
[Black "Hart, Ralph"]
[Result "0-1"]
[WhiteElo "1919"]
[BlackElo "2251"]
[PlyCount "84"]
[EventDate "2012.??.??"]

1. e4 c5 2. Nf3 Nc6 3. d4 cxd4 4. Nxd4 Nf6 5. Nc3 e5 6. Nf3 d6 7. Bg5 Be7 8.
Qd2 Be6 9. Be2 O-O 10. O-O h6 11. Bxf6 Bxf6 12. Nd5 Bxd5 13. Qxd5 Qb6 14. b3
Rfd8 15. c4 Rac8 16. Rfd1 Nd4 17. Nxd4 Rc5 18. Nf5 Rxd5 19. Rxd5 g6 20. Nxh6+
Kg7 21. Ng4 Be7 22. Ne3 Rc8 23. Rd2 Qa5 24. Rad1 Bg5 25. Rd3 Qxa2 26. Bg4 Rf8
27. Rxd6 Bxe3 28. fxe3 Qxb3 29. Rd7 Qxe3+ 30. Kh1 Qxe4 31. Bf3 Qxc4 32. Bxb7 a5
33. Bd5 Qe2 34. Bf3 Qc2 35. R7d2 Qf5 36. Rd5 a4 37. h3 Qf4 38. Rd7 e4 39. R1d4
Re8 40. Bd1 Qf1+ 41. Kh2 e3 42. Bxa4 e2 0-1

[Event "North Island Rapid"]
[Site "Auckland Chess Centre, New Ze"]
[Date "2012.07.15"]
[Round "6.1"]
[White "Smith, Robert W"]
[Black "Pinic, Noel"]
[Result "1-0"]
[WhiteElo "2258"]
[BlackElo "2148"]
[PlyCount "85"]
[EventDate "2012.??.??"]

1. e4 e6 2. d4 d5 3. Nc3 Bb4 4. e5 c5 5. Bd2 a6 6. a3 Bxc3 7. Bxc3 cxd4 8. Qxd4
Ne7 9. Qg4 O-O 10. Nf3 Nbc6 11. h4 Bd7 12. h5 h6 13. Bd3 Nf5 14. Qf4 d4 15. Bd2
Qc7 16. g4 Nfe7 17. g5 hxg5 18. Qxg5 Nf5 19. Bxf5 Nxe5 20. Bh7+ Kxh7 21. Nxe5
Be8 22. h6 g6 23. Qf6 Rg8 24. Nf3 g5 25. Nxg5+ Rxg5 26. Qxg5 f5 27. Qg7+ Qxg7
28. hxg7+ Kxg7 29. Bf4 Bc6 30. Rh4 Kf6 31. Rh6+ Ke7 32. O-O-O Rg8 33. Rxd4 Be4
34. Rh7+ Kf6 35. Rxe4 fxe4 36. Rxb7 Kf5 37. Be3 Kg4 38. Rf7 Rd8 39. Rf4+ Kh3
40. Rxe4 Rd6 41. c4 Kg2 42. c5 Rc6 43. Kd2 1-0